| 000 | 00700nam a2200217 a 4500 | ||
|---|---|---|---|
| 001 | 000013788 | ||
| 005 | 20240826124700.0 | ||
| 008 | 091130s2004 dr ad 000 0 spa d | ||
| 040 |
_aDO-SdBNP _bspa _cBNPHU |
||
| 082 |
_axxxx _bP349m |
||
| 100 |
_aPeña Geraldino, Rafael _91257 |
||
| 245 | 1 | 0 |
_aMatemática III / _cRafael Peña Geraldino. |
| 250 | _a3a ed. | ||
| 260 |
_aSanto Domingo : _bSEE _bAlfa & Omega, _c2004. |
||
| 300 |
_a222 p. : _bil., diagr. ; _c27 cm. |
||
| 500 | _aIncluye datos biográficos del autor | ||
| 500 | _aEducación media. Tercer grado / Segundo ciclo | ||
| 700 | 1 |
_aMolinaza, José, _eed. _925720 |
|
| 710 | 1 |
_aSecretaría de Estado de Educación _912759 |
|
| 049 | _aBNPD | ||
| 999 |
_c13400 _d13400 |
||